000 01184cam a2200349 a 4500
001 14418680
003 OSt
005 20180117085958.0
008 060619s2006 pk a b 001 0 eng
010 _a 2006333396
020 _a9698721150
025 _aP-E-2006333396 ; 29
040 _aDLC
_cDLC
042 _alcode
043 _aa-pk---
050 0 0 _aJQ629.A56
_bD42 2006
100 _4Mehrunnisa ali
245 0 0 _aPolitics of federalism in Pakistan /
_cMehrunnisa Ali
260 _aKarachi
_bRoyal Book Company
_c2006.
300 _axx,170 p. :
_bill. ;
_c24 cm.
504 _aIncludes bibliographical references and index.
650 0 _aFederal government
_zPakistan.
650 0 _aProvincial governments
_zPakistan.
700 1 _aCheema, Pervaiz Iqbal,
_d1940-
700 1 _aKhan, Rashid Ahmad.
710 2 _aIslamabad Policy Research Institute.
710 2 _aHanns-Seidel-Stiftung.
906 _a7
_bcbc
_corigode
_d3
_encip
_f20
_gy-gencatlg
942 _2ddc
_cBK
999 _c3103
_d3103